Normal view
MARC view
- Cambridge handbooks for language teachers
Entry Uniform Title
001 - CONTROL NUMBER
- control field: 11285
003 - CONTROL NUMBER IDENTIFIER
- control field: NUST
005 - DATE AND TIME OF LATEST TRANSACTION
- control field: 20180627065547.0
008 - FIXED-LENGTH DATA ELEMENTS
- fixed length control field: 180627|| aca||aabn | a|a d
040 ## - CATALOGING SOURCE
- Original cataloging agency: NUST
- Transcribing agency: NUST
130 ## - HEADING--UNIFORM TITLE
- Uniform title: Cambridge handbooks for language teachers
670 ## - SOURCE DATA FOUND
- Source citation: Work cat.: (NUST)0: Woodward, Tessa. 11284, Planning lessons and courses :, 1991.
